Statistiken für Top 10 Länder nach Kriegen

Klicken Sie hier um das Quiz zu spielen!

Allgemein

  • Dieses Quiz wurde 29 mal gespielt
  • Das Durchschnittsergebnis liegt bei 4 aus 10

Antwortstatistiken

HintAntwort% Korrekt
101Vereinigte Staaten
82%
250+Frankreich
71%
300+Spanien
68%
180Großbritannien
46%
148Indien
36%
104Iran
36%
115Polen
32%
115Österreich
29%
190Ungarn
25%
110Philippinen
0%

Verteilung der Resultate

Perzentil nach korrekt beantworteten Fragen

Anzahl Personen mit jedem Resultat

Ihre Resultats-Entwicklung

Sie haben dieses Quiz noch nicht gespielt